2023 USA World Baseball Classic Roster - Statistics

General Stats
  • This quiz has been taken 45 times
  • The average score is 10 of 31
Answer Stats
Hint Answer % Correct
OF Mike Trout
92%
C J.T. Realmuto
81%
INF Trea Turner
69%
C Will Smith
61%
OF Kyle Schwarber
58%
INF Nolan Arenado
56%
OF Mookie Betts
53%
INF Paul Goldschmidt
44%
INF Tim Anderson
44%
INF Pete Alonso
39%
INF Bobby Witt Jr.
36%
OF Kyle Tucker
31%
P Adam Wainwright
28%
OF Cedric Mullins
28%
P Lance Lynn
28%
P Clayton Kershaw
25%
P Devon Williams
25%
OF Jeff McNeil
25%
P Merrill Kelly
22%
P Daniel Bard
19%
OF/C Kyle Higashioka
19%
P Miles Mikolas
19%
P David Bednar
17%
P Adam Ottavino
11%
P Jason Adam
11%
P Nick Martinez
11%
P Ryan Pressly
11%
P Brady Singer
8%
P Brooks Raley
6%
P Kendall Graveman
6%
P Nestor Cortes
6%
No matching quizzes found
Score Distribution
Percent of People with Each Score
Percentile by Number Answered
Your Score History
You have not taken this quiz